000
00212 a2200097 4500
001
29130
100
_a
Hunter W.W
245
_a
The Indian Mussalmans
260
_a
_b
Premier Book House
_c
090
_c
19459
_d
19459
942
_a
NUST-CAE
_c
M
_c
10512
999
_c
264203
_d
264203